Science Quiz

Random Science or Biology Quiz

The cell structure Quiz Stats

 Plays Quiz not verified by Sporcle

Score 0/32 Timer 20:00
0 Plays Today
Question Answer Wrong Answers
composed of long thin strands of DNA chromatin
94.1%
nucleus
0%
nucleolus
0%
ribosomes
0%
cell membrane protein act as? all the above is true
83.3%
receptors
0%
channels and carriers
0%
cell adhesion molecule
0%
cell membrane function? 4/ one and two is true
83.3%
1/support and envelope the cell
0%
2/transportation and keep the negative charge of the cell
0%
3/regulation fluid volume
0%
A SYSTEM OF FIBRES AND MICROTUBULES CYTOSKELETON
83.3%
GOLGI APPARATUS
5.6%
NUCLEUS
0%
NUCLEOLUS
0%
the cell membrane consists of...? protein and phospholipid bilayer hydrophobic and hydrophilic
83.3%
protein and phospholipid bilayer hydrophobic only
0%
protein only
0%
phospholipid bilayer only
5.6%
the functional unit for any organism? cell
78.9%
mitochondria
5.3%
lysosomes
0%
ribosomes
0%
INTRACELLULAR DIGESTIVE SYSTEM LYSOSOMES
77.8%
RIBOSOMES
5.6%
MITCHONDRIA
0%
GOLGI APPARATUS
0%
is an elastic structure envelope the cell only 7.5-10 nanometer thick cell membrane
77.8%
cell
16.7%
endoplasmic reticulum
0%
cell mitochondria
0%
nucleus function 4/one and three is true
76.5%
1/selectively permeable to control movement in or out
0%
2/produce enzyme and hormones
0%
3/contains nuclear contents
17.6%
The mitochondria come from....? ovum
72.2%
sperm
0%
zygote
0%
all of the above
16.7%
mitochondria consist of...? all of the above
72.2%
outer and inner membrane consist of crista
16.7%
matrix contain enzyme
0%
DNA come from the mother
5.6%
THE BRAIN OF THE CELL CONTAIN THE GENETIC INFORMATION OF THE CELL NUCLEUS
72.2%
NUCLEOLUS
11.1%
RIBOSOMES
5.6%
LYSOSOMES
0%
May be free in the cytoplasm or attached to ER ribosomes
70.6%
lysosomes
11.8%
golgi apparatus
11.8%
cytoskeleton
0%
It has a role in apoptosis mitochondria
66.7%
lysosomes
16.7%
ribosomes
5.6%
nucleus
0%
IT IS A PART OF THE CELL MEMBRANE SYSTEM AND ITS MODIFIES PROTEIN AND BRING THEM INTO THE CELL SURFACE? GOLGI APPARATUS
66.7%
LYSOSOMES
5.6%
MITOCHONDRIA
0%
CYTOSKELETON
11.1%
is the respiratory system of the cell mitochondria
61.1%
golgi apparatus
5.6%
endoplasmic reticulum
22.2%
nucleus
0%
Smooth ER plays different functions : one and two is true
61.1%
1/ it is responsible for the production of hormones and other secretory products
11.1%
2/ breakdown of lipid-soluble toxins in liver cells and control of calcium release in muscle cell contraction
5.6%
3/none of the above
16.7%
MAINTAIN THE CELL STRUCTURE CYTOSKELETON
61.1%
CELL MEMBRANE
27.8%
GOLGI APPARATUS
0%
LYSOSOMES
0%
it is a connective tubule which envelope enzymes endoplasmic reticulum
61.1%
mitochondria
16.7%
rybosomes
0%
lysosomes
11.1%
it is rounded organelle consists of the RNA attached with rough E.R? RIBOSOMES
61.1%
ENDOPLASMIC RETICULUM
11.1%
NUNCLEUS
16.7%
LYSOSOMES
0%
DARK SPOT, HAS NO MEMBRANE AROUND IT, rich in RNA, produce ribosomes. nucleolus
61.1%
nucleus
5.6%
golgi apparatus
16.7%
mitochondria
5.6%
In animal cells, it protects the cell from its own production of toxic hydrogen peroxide. peroxisomes
58.8%
lysosomes
29.4%
mitochondria
0%
cytoskeleton
0%
contains instructions that control cell metabolism and heredity chromatin
52.9%
nucleus
29.4%
nucleolus
5.9%
ribosomes
5.9%
Produce messages (mRNA) that code for proteins synthesis. chromatin
47.1%
lysosomes
0%
ribosomes
23.5%
peroxisome
11.8%
secretes chemicals in tiny vesicles (hormones, enzymes, antibodies and other molecules). golgi apparatus
47.1%
ribosomes
17.6%
lysosomes
23.5%
cytoskeleton
0%
are membrane-bound packets of oxidative enzymes peroxisomes
47.1%
lysosomes
11.8%
ribosomes
5.9%
golgi apparatus
17.6%
stores genes on chromosomes and Organize Genes into chromosomes to allow cell division. chromatin
41.2%
nucleus
35.3%
nucleolus
5.9%
ribosomes
0%
Represent the maestro of the cell. chromatin
41.2%
ribosomes
5.9%
lysosomes
17.6%
nucleus
17.6%
Transports regulatory factors and gene products via nuclear pores. chromatin
41.2%
ribosome
23.5%
peroxisome
5.9%
lysosome
11.8%
in plant play a variety of roles including converting fatty acids to sugar and assisting chloroplasts in photorespiration. peroxisomes
35.3%
lysosomes
23.5%
ribosomes
5.9%
golgi apparatus
23.5%
instructions in DNA are copied on it also works with ribosomes in the synthesis of protein nucleolus
35.3%
nucleus
11.8%
lysosomes
11.8%
peroxisomes
35.3%
PRODUCTION OF ENZYME IS FUNCTION OF? RIBOSOMES
33.3%
ENDOPLASMIC RETICULUM
33.3%
LYSOSOMES
16.7%
CYTOSOL
5.6%

You're not logged in!

Compare scores with friends on all Sporcle quizzes.
OR
Log In

Sporcle TV

Today on Sporcle TV


Watch our educational content, quiz creation guides, and fun videos on Sporcle TV.

Show Comments

Extras

Created Sep 20, 2019ReportNominate
Tags:Biology Quiz

Top Quizzes Today


Score Distribution

Your Account Isn't Verified!

In order to create a playlist on Sporcle, you need to verify the email address you used during registration. Go to your Sporcle Settings to finish the process.

Report this User

Report this user for behavior that violates our Community Guidelines.

Details: